000 00578nam a2200157Ia 4500
003 GCL
008 140319s9999 xx 000 0 ara d
040 _aGCL /
_cGCL
082 0 4 _a6210313
_bع م
100 1 _aعبدالمنعم موسى
245 1 0 _aمحاولات القوة والتوزيع: والكتاب الثالث /
_cعبدالمنعم موسى
260 _a[S.N] :
_bدار الراتب الجامعية ،
_c1994
490 _aسلسلة الاسس العلمية والخبرة العملية
_v0
650 0 4 _aالهندسة الكهربية
942 _2ddc
_cBK
999 _c53513
_d53513